| 000 | 00594nam a2200205Ia 4500 | ||
|---|---|---|---|
| 005 | 20250923145104.0 | ||
| 008 | 008 250917s9999 xx 000 0 eng d | ||
| 037 | _aTextual | ||
| 040 |
_aDSWL _beng _cDSWL |
||
| 041 |
_aeng _2eng |
||
| 084 |
_aS:73O5X, K1 _qDSWL |
||
| 100 |
_aHarvey, O.J. _9831673 |
||
| 245 | 0 |
_aConceptual systems and personality organisation _cby O.J. Harvey |
|
| 260 |
_aNew York _b John Wiley & Sons Inc. _c1965 |
||
| 300 | _aix,213 p. | ||
| 365 |
_aUSD _b8.5 |
||
| 925 | _g8.5 | ||
| 942 |
_cTEXL _hS:73O5X, K1 |
||
| 999 |
_c1446945 _d1446945 |
||